000 00274cam a22000977a 4500
008 180718b1957 xxu||||| |||| 00| 0 eng d
082 _aI53 S
245 _aThe Kerala government secretariat instructions
260 _aTrivandrum
_bGovernment Central Press
_c1957
300 _a41+p
999 _c491472
_d491472